000 00508nam a2200181Ia 4500
008 151202s9999||||xx |||||||||||||| ||und||
082 _bPNVM-57686
100 _aगाडगीळ बाळ.
245 _aफिरकी.
260 _b"सुयोग प्रकाशन,पुणे."
260 _c1994
300 _a147
600 _aगाडगीळ बाळ.
630 _aफिरकी.
700 _aगाडगीळ बाळ.
730 _aफिरकी.
942 _cBOOK
999 _c1324224
_d1324221